01572nam a2200361 a 450000100060000000300080000600500170001400600190003100700150005000800410006502400160010603500210012204000260014305000200016908000080018908200120019710000450020924502050025426000490045930000110050850000930051952001050061253301640071765000400088165000240092165000420094565000380098765500270102570000420105270000350109471000190112985600620114879791FlNmELB20241217151712.0m o d | cr cn|||||||||210112s2011 cu o 000 0 spa d8 z71205080910 a(OCoLC)929373963 aFlNmELBbspacFlNmELB 4aLB5bC2873 2011 a37704a3772221 aCarmenates Barrios, Osmany Alfredo.4aut13aEl método de la interconexión significativa en la estructuración del proceso de enseñanza aprendizaje de la geometría en la educación preuniversitaria /cOsmany Alfredo Carmenates Barrios. aLa Habana :bEditorial Universitaria,c2011. a208 p. aTesis (doctorado) - Universidad de Ciencias Pedagógicas "José Martí"de Camagúey. aPresenta el método de interconexión significativa para desarrollar la resolución de problemas. aRecurso electrónico. Santa Fe, Arg.: e-libro, 2015. Disponible vía World Wide Web. El acceso puede estar limitado para las bibliotecas afiliadas a e-libro. 4aEducación.xEducación superior. 4aEducation.xHigher. 4aMatemática.xGeometría.xGeneral. 4aMathematics.xGeometry.xGeneral. 4aLibros electrónicos.1 aJevey Vázquez, Ángel Felipe.4drt1 aRebollar Morote, Alfredo.4drt2 ae-libro, Corp.40uhttps://elibro.net/ereader/politecnicointernacional/85573